00680nam a2200217Ia 450000500170000000800410001702000140005804000190007204100120009108200160010310000250011924500570014426000600020130000110026165000230027265100300029585000100032594200070033599900170034295201030035920230404092816.0131103s9999 xx 000 0 und d cRs.160.00 aLoreto College aEnglish a823(I)bBHA aBhatt, Kishwar Musa  4aThe soiled sea and other storiescKishwar Musa Bhatt aKolkatabMillennium Education Bookssellers & Publishers a185p.  aFiction in English aIndian Writing in English aLCLIB cBK c37243d87722 00102ddc4070aMAINbMAINd2013-11-04l0o823(I) BHA 48573pB40418r2013-11-04w2013-11-04yBKf